Aprendizaje ilimitado: Potenciando la Educación con ChatGPT y DALL-E (Registro nro. 10903)

000 -CABECERA
Campo de control de longitud fija 01805nam a22002657a 4500
003 - IDENTIFICADOR DEL NÚMERO DE CONTROL
Campo de control OSt
005 - FECHA Y HORA DE LA ÚLTIMA TRANSACCIÓN
Campo de control 20260624164243.0
008 - CÓDIGOS DE INFORMACIÓN DE LONGITUD FIJA
Campo de control de longitud fija 260624t2024 xxu||||| |||| 00| 0 spa d
040 ## - FUENTE DE LA CATALOGACIÓN
Centro catalogador de origen Unicoc
Lengua de catalogación spa
Centro que cataloga Bogotá (Dr. David Ordóñez Rueda) - Campus Norte
Centro modificador Bogotá (Dr. David Ordóñez Rueda) - Campus Norte
082 ## - NÚMERO DE LA CLASIFICACIÓN DECIMAL DEWEY
Número de clasificación 371.33
100 ## - PUNTO DE ACCESO PRINCIPAL - NOMBRE DE PERSONA
9 (RLIN) 13134
Nombre de persona Rey Valzacchi, Jorge
245 ## - MENCIÓN DE TÍTULO
Título Aprendizaje ilimitado: Potenciando la Educación con ChatGPT y DALL-E
Subtitulo o Resto del título : Una exploración pragmática de la IA en la educación
Mención de responsabilidad etc. / Jorge Rey Valzacchi
250 ## - MENCIÓN DE EDICIÓN
Mención de edición 1 Ed.
260 ## - PUBLICATION, DISTRIBUTION, ETC. (IMPRINT)
Lugar de publicación distribución etc. Argentina :
Nombre del editor distribuidor etc. Instituto Latinoamericano de Desarrollo Profesional Docente ,
Fecha de publicación distribución etc. 2024.
300 ## - DESCRIPCIÓN FÍSICA
Extensión 67 páginas
Otras características físicas Ilustraciones, diagramas, tablas, gráficas
440 ## - MENCIÓN DE SERIE
9 (RLIN) 13135
Título Aprende Virtual
505 ## - NOTA DE CONTENIDO CON FORMATO
Título 1. Introducción a Chat GPT en la Educación. --
-- 2. Comprensión de los prompts. --
-- 3. Diseñando prompts efectivos para Chat GPT. --
-- 4. Aplicaciones educativas de Chat GPT. --
-- 5. Integración de Chat GPT en el aula. --
-- 6. Desafíos y consideraciones éticas en el uso de Chat GPT en educación. --
-- 7. Evaluación y retroalimentación con Chat GPT. --
-- 8. Recomendaciones para educadores: implementación exitosa de Chat GPT en la enseñanza. --
-- 9. Creación de imágenes a partir de textos. --
-- 10. Guía Práctica para generar imágenes con prompts efectivos en la educación. --
-- 11. Casos de estudio exitosos al usar DALL-E en la educación. --
526 ## - NOTA DE INFORMACIÓN SOBRE EL PROGRAMA DE ESTUDIO
Institución que aplica el campo Unicoc
546 ## - NOTA DE LENGUA
Nota de lengua Español
650 #0 - PUNTO DE ACCESO ADICIONAL DE MATERIA - TÉRMINO DE MATERIA
9 (RLIN) 461
Término de materia o nombre geográfico como elemento inicial Educación
Subdivisión de forma Innovaciones tecnológicas
650 #0 - PUNTO DE ACCESO ADICIONAL DE MATERIA - TÉRMINO DE MATERIA
9 (RLIN) 13136
Término de materia o nombre geográfico como elemento inicial Tecnología educativa
650 #0 - PUNTO DE ACCESO ADICIONAL DE MATERIA - TÉRMINO DE MATERIA
9 (RLIN) 10540
Término de materia o nombre geográfico como elemento inicial Inteligencia artificial
Subdivisión de forma ChatGPT y DALL-E
856 ## - LOCALIZACIÓN Y ACCESO ELECTRÓNICOS
Texto del enlace Acceso online exclusivo para comunidad Unicoc.
Identificador Uniforme del Recurso (URI) https://unicoceduco-my.sharepoint.com/:b:/g/personal/direccionbiblioteca_unicoc_edu_co/IQCbfp9u9fglQKP-It-JQ1PjAQBmRbX_YoYsBF4W04gmNR8
942 ## - ENTRADA PARA ELEMENTOS AGREGADOS (KOHA)
Fuente de clasificación o esquema de ordenación en estanterías
Koha [por defecto] tipo de item Libro electrónico
Existencias
Fecha última consulta Precio Estado de pérdida Fecha del precio de reemplazo Localización actual Código de colección Tipo de item de Koha Estropeado Signatura completa Fuente de clasificación o esquema de ordenación en estanterías Código de barras Fecha de adquisición Localización permanente No para préstamo Fuente de adquisición
2026-06-24200000.00 2026-06-24Bogotá (Dr. David Ordóñez Rueda) - Campus NorteColeccion OnlineLibro electrónico 371.33 Ebook109032026-06-24Bogotá (Dr. David Ordóñez Rueda) - Campus Norte Compra

© 2014 UNICOC | Institución Universitaria Colegios de Colombia - UNICOC
Bogotá D.C. Autopista Norte Km. 20. Teléfono:(571)6683535
Cali: Calle 13 Norte No. 3N-13. Teléfono: (572)6608887

Con tecnología de Koha